000
00185 a2200097 4500
020
_a
9788434839892
041
_a
spa
100
_a
Gallimard Jeunesse
245
_a
La Selva
942
_c
REF
999
_c
28110
_d
28110